[Event "Chigorin Memorial 30th"]
[Site "St Petersburg"]
[Date "2023.10.22"]
[Round "2"]
[White "Shishkin, Vladislav"]
[Black "Simkin, Alexander"]
[Result "1-0"]
[WhiteElo "1713"]
[BlackElo "1386"]
[PlyCount "95"]
[EventDate "2023.10.21"]
[EventType "swiss"]
[EventRounds "9"]
[EventCountry "RUS"]
[SourceTitle "Mega2024 Update 01"]
[Source "Chessbase"]
[SourceDate "2023.11.12"]
[SourceVersion "1"]
[SourceVersionDate "2023.11.12"]
[SourceQuality "1"]

1. e4 c5 2. c3 d5 3. exd5 Qxd5 4. d4 Nf6 5. Nf3 Bg4 6. Be2 e6 7. 0-0 Be7 8. Be3 cxd4 9. Nxd4 Bxe2 10. Qxe2 0-0 11. Nd2 a6 12. Rfd1 Nc6 13. N2f3 Nxd4 14. Rxd4 Qa5 15. a3 Rfd8 16. Rad1 Rxd4 17. Bxd4 Rd8 18. h3 Qa4 19. Rd3 Qb5 20. Bxf6 Qxd3 21. Qxd3 Rxd3 22. Bxe7 Rd1+ 23. Kh2 Rb1 24. b4 Rb3 25. a4 Rxc3 26. a5 f6 27. Bc5 e5 28. Nd2 Rd3 29. Nc4 Rd7 30. Nd6 g6 31. g4 h5 32. Kg3 hxg4 33. hxg4 Kg7 34. Kf3 Kh6 35. Ke4 Kg5 36. Kd5 Kxg4 37. Ke6 Rc7 38. Kxf6 g5 39. Kxe5 Kf3 40. Ne4 g4 41. Ng5+ Kg2 42. Kf4 g3 43. fxg3 Rc6 44. Ne4 Rg6 45. g4 Kh3 46. Kf5 Rg8 47. g5 Rd8 48. g6 1-0

[Event "St Petersburg Korchnoi Memorial op"]
[Site "St Petersburg"]
[Date "2023.08.19"]
[Round "2"]
[White "Demchenko, Maksim Dm"]
[Black "Simkin, Alexander"]
[Result "1-0"]
[WhiteElo "1736"]
[BlackElo "1408"]
[PlyCount "81"]
[EventDate "2023.08.18"]
[EventType "swiss"]
[EventRounds "9"]
[EventCountry "RUS"]
[SourceTitle "EXT 2024"]
[Source "ChessBase"]
[SourceDate "2023.10.10"]
[SourceVersion "1"]
[SourceVersionDate "2023.10.10"]
[SourceQuality "1"]

1. d4 Nf6 2. c4 d5 3. Nf3 e6 4. g3 c6 5. Bg2 Bb4+ 6. Bd2 Bxd2+ 7. Nbxd2 0-0 8. 0-0 Nbd7 9. Qc2 Re8 10. e4 dxe4 11. Nxe4 Nxe4 12. Qxe4 Nf6 13. Qc2 Qa5 14. c5 Qd8 15. Rad1 Nd5 16. Ne5 f6 17. Nc4 Qc7 18. Rfe1 Bd7 19. Nd6 Re7 20. Be4 g6 21. f4 f5 22. Bg2 b5 23. Nxb5 Qa5 24. Nc3 Rae8 25. a3 Kf7 26. Nb1 Qc7 27. Nd2 Rb8 28. Nc4 Kf8 29. b4 Bc8 30. Rb1 Ba6 31. Nd6 Bc8 32. Bxd5 exd5 33. Kf2 Ba6 34. Rxe7 Qxe7 35. Re1 Qf6 36. Re5 Qg7 37. Qd2 Bb5 38. Qe3 Qd7 39. Re6 Kg8 40. Re7 Qd8 41. Qe6+ 1-0

[Event "Marianske Lazne op 50+"]
[Site "Marianske Lazne"]
[Date "2019.01.22"]
[Round "4"]
[White "Simecek, Jan"]
[Black "Simkin, Alexander"]
[Result "0-1"]
[WhiteElo "1840"]
[BlackElo "1742"]
[PlyCount "98"]
[EventDate "2019.01.19"]
[EventType "swiss"]
[EventRounds "9"]
[EventCountry "CZE"]
[SourceTitle "CBM 188 Extra"]
[Source "ChessBase"]
[SourceDate "2019.02.26"]
[SourceVersion "1"]
[SourceVersionDate "2019.02.26"]
[SourceQuality "1"]

1. d4 d5 2. Nf3 Nf6 3. c4 c6 4. cxd5 cxd5 5. Nc3 e6 6. Bg5 Be7 7. e3 0-0 8. Bd3 h6 9. Bh4 Nbd7 10. 0-0 a6 11. Rc1 b5 12. Bb1 Bb7 13. Qd3 Ne4 14. Bxe7 Qxe7 15. Nd2 f5 16. f3 Nxd2 17. Qxd2 Rac8 18. Ne2 Nb6 19. Nf4 Rxc1 20. Rxc1 Nc4 21. Qe2 Rc8 22. Nd3 Nd6 23. Nc5 e5 24. Re1 e4 25. f4 Rc6 26. Bc2 Bc8 27. Bd1 Nb7 28. b4 Nd6 29. Bb3 Nc4 30. g3 Qf7 31. h3 Rg6 32. Kh2 Rc6 33. g4 Rg6 34. Rg1 Qf6 35. g5 hxg5 36. Qh5 g4 37. Rg3 Qc6 38. Qh4 Qd6 39. Qh5 Qc6 40. Qh4 Rh6 41. Qd8+ Kh7 42. Bxc4 bxc4 43. Kg2 c3 44. Qa5 c2 45. Qa3 Qb5 46. Kf2 gxh3 47. Rg1 h2 48. Rh1 Qe8 49. Qc1 Qh5 0-1

[Event "Wch Seniors 65 26th"]
[Site "Marianske Lazne"]
[Date "2016.11.24"]
[Round "6"]
[White "Bondar, Leonid"]
[Black "Simkin, Alexander"]
[Result "1/2-1/2"]
[WhiteElo "2019"]
[BlackElo "1782"]
[PlyCount "81"]
[EventDate "2016.11.19"]
[EventType "swiss"]
[EventRounds "11"]
[EventCountry "CZE"]
[SourceTitle "CBM 175 Extra"]
[Source "ChessBase"]
[SourceDate "2016.12.12"]
[SourceVersion "1"]
[SourceVersionDate "2016.12.12"]
[SourceQuality "1"]

1. e4 c5 2. Nf3 d6 3. d4 cxd4 4. Nxd4 Nf6 5. Nc3 a6 6. Be2 Nc6 7. Be3 e6 8. Qd2 Be7 9. 0-0-0 0-0 10. f3 Nxd4 11. Qxd4 e5 12. Qb6 Qxb6 13. Bxb6 Be6 14. Kb1 Rac8 15. g4 Rc6 16. Be3 Rfc8 17. Rd2 Nd7 18. Nd5 Bd8 19. c3 Bxd5 20. exd5 R6c7 21. f4 f6 22. Bd3 exf4 23. Bxf4 Ne5 24. Bf5 Ra8 25. Re2 g6 26. Be6+ Kg7 27. h4 Be7 28. Be3 b5 29. Rf1 Rf8 30. Bd4 Nd7 31. g5 Ne5 32. Bh3 Rb7 33. gxf6+ Bxf6 34. Rf4 Rbf7 35. Be6 Rb7 36. Ref2 Re7 37. Kc2 Rc7 38. Rg2 Nd7 39. h5 Bxd4 40. Rxd4 Ne5 41. hxg6 1/2-1/2

[Event "Wch Seniors 65 26th"]
[Site "Marianske Lazne"]
[Date "2016.11.20"]
[Round "2"]
[White "Goncharov, Viktor1111"]
[Black "Simkin, Alexander"]
[Result "0-1"]
[WhiteElo "2125"]
[BlackElo "1782"]
[PlyCount "74"]
[EventDate "2016.11.19"]
[EventType "swiss"]
[EventRounds "11"]
[EventCountry "CZE"]
[SourceTitle "CBM 175 Extra"]
[Source "ChessBase"]
[SourceDate "2016.12.12"]
[SourceVersion "1"]
[SourceVersionDate "2016.12.12"]
[SourceQuality "1"]

1. Nf3 d5 2. g3 Nf6 3. Bg2 c6 4. b3 e6 5. Bb2 Be7 6. d3 0-0 7. Nbd2 Nbd7 8. 0-0 Qc7 9. e3 e5 10. c4 Bd6 11. Qc2 Re8 12. cxd5 Nxd5 13. a3 f6 14. Rfc1 N7b6 15. Nc4 Be6 16. e4 Ne7 17. Nxd6 Qxd6 18. d4 exd4 19. Nxd4 Bf7 20. a4 Rad8 21. a5 Nbc8 22. Rd1 Qb8 23. Bh3 Ng6 24. f4 a6 25. Ba3 Nf8 26. Bc5 Qc7 27. b4 Nd7 28. Bxd7 Rxd7 29. Re1 Red8 30. Qc3 Re8 31. Re3 Nd6 32. Rae1 Nb5 33. Nxb5 cxb5 34. Kf2 Bc4 35. e5 fxe5 36. Rxe5 Rxe5 37. Rxe5 Qd8 0-1

[Event "Marianske Lazne op 14th"]
[Site "Marianske Lazne"]
[Date "2015.01.17"]
[Round "1"]
[White "Ivanov, Mikhail M"]
[Black "Simkin, Alexander"]
[Result "1-0"]
[WhiteElo "2394"]
[BlackElo "1844"]
[PlyCount "69"]
[EventDate "2015.01.17"]
[EventType "swiss"]
[EventRounds "9"]
[EventCountry "CZE"]
[SourceTitle "CBM 164 Extra"]
[Source "ChessBase"]
[SourceDate "2015.03.02"]
[SourceVersion "1"]
[SourceVersionDate "2015.03.02"]
[SourceQuality "1"]

1. d4 d5 2. c4 c6 3. e3 Nf6 4. Nc3 e6 5. Nf3 Bd6 6. Bd3 dxc4 7. Bxc4 b5 8. Bd3 Bb7 9. a4 a6 10. e4 Be7 11. e5 Nd5 12. Ne4 h6 13. 0-0 Nd7 14. Qe2 Nb4 15. Bb1 a5 16. Nfd2 Nb6 17. Nc5 Bxc5 18. dxc5 Nxa4 19. Ne4 Qe7 20. Be3 Nd5 21. Rc1 Nxe3 22. fxe3 Ba6 23. Qc2 Rd8 24. b3 Rd5 25. bxa4 b4 26. Nd6+ Kf8 27. Ba2 Rxe5 28. e4 Qg5 29. Qf2 Qg6 30. Bc4 Bxc4 31. Rxc4 h5 32. h4 Ke7 33. Rd1 Rb8 34. Qd4 f6 35. Nc8+ 1-0

[Event "Brno op 5th"]
[Site "Brno"]
[Date "2014.11.15"]
[Round "1"]
[White "Simkin, Alexander"]
[Black "Burnett, Andrew"]
[Result "0-1"]
[WhiteElo "1890"]
[BlackElo "2269"]
[PlyCount "126"]
[EventDate "2014.11.15"]
[EventType "swiss"]
[EventRounds "9"]
[EventCountry "CZE"]
[SourceTitle "CBM 163 Extra"]
[Source "ChessBase"]
[SourceDate "2014.12.23"]
[SourceVersion "1"]
[SourceVersionDate "2014.12.23"]
[SourceQuality "1"]

1. e4 c5 2. Nf3 e6 3. d4 cxd4 4. Nxd4 a6 5. Bd3 Nf6 6. 0-0 Qc7 7. Be3 Nc6 8. Nxc6 dxc6 9. f4 e5 10. f5 h5 11. Kh1 b5 12. Nd2 Bb7 13. a4 h4 14. Bg5 h3 15. g3 Nd7 16. Be3 Bc5 17. Qe2 Qb6 18. Rf3 Rd8 19. b4 Bxe3 20. Qxe3 Qd4 21. Qxd4 exd4 22. Rf4 0-0 23. Kg1 Rfe8 24. Nf3 Nb6 25. a5 Nc4 26. Kf2 Ne5 27. Re1 c5 28. bxc5 Rc8 29. Nxd4 Rcd8 30. Ke3 g5 31. fxg6 fxg6 32. Nf3 Nd7 33. Rg4 Kg7 34. Rg5 Kh6 35. c6 Bxc6 36. Rg4 Nf6 37. Rh4+ Kg7 38. Ng5 Re5 39. Nf3 Re7 40. e5 g5 41. Nxg5 Rxe5+ 42. Ne4 Bxe4 43. Bxe4 Rxe4+ 44. Rxe4 Nxe4 45. Kf4 Rf8+ 46. Kg4 Nf2+ 47. Kg5 Rc8 48. Re2 Rc5+ 49. Kh4 Rc4+ 50. Kh5 Ne4 51. g4 Nf6+ 52. Kh4 Rxg4+ 53. Kxh3 Ra4 54. Re7+ Kg6 55. Rc7 Rxa5 56. c4 Ra3+ 57. Kg2 b4 58. Rb7 a5 59. Rb5 Rc3 60. Rxa5 Rxc4 61. Rb5 Rd4 62. Kf3 Nd5 63. Ke2 Nc3+ 0-1

[Event "Heart of Finland op 23rd"]
[Site "Jyvaskyla"]
[Date "2013.07.12"]
[Round "7"]
[White "Alho, Sauli"]
[Black "Simkin, Alexander"]
[Result "1-0"]
[WhiteElo "2152"]
[BlackElo "1871"]
[PlyCount "115"]
[EventDate "2013.07.08"]
[EventType "swiss"]
[EventRounds "9"]
[EventCountry "FIN"]
[SourceTitle "EXT 2022"]
[Source "ChessBase"]
[SourceDate "2021.10.06"]
[SourceVersion "1"]
[SourceVersionDate "2021.10.06"]
[SourceQuality "1"]

1. e4 c5 2. Nf3 d6 3. Bb5+ Nd7 4. d4 cxd4 5. Qxd4 a6 6. Bxd7+ Bxd7 7. 0-0 e5 8. Qd3 Nf6 9. Bg5 Be7 10. Rd1 Bc6 11. Nc3 0-0 12. Bxf6 gxf6 13. Nh4 Kh8 14. Nf5 Rg8 15. Nd5 Bf8 16. Qh3 Rg6 17. Rd3 Rc8 18. Nfe7 Bxe7 19. Nxe7 Qxe7 20. Qxc8+ Rg8 21. Qf5 Rg5 22. Qh3 Bxe4 23. Rg3 Bf5 24. Qh4 Bxc2 25. Rc1 Bf5 26. Rgc3 Kg7 27. Qb4 Rg4 28. Rg3 Rxg3 29. hxg3 Qe6 30. b3 Qd5 31. g4 Bd7 32. f3 Bc6 33. Re1 Qd3 34. Kf2 d5 35. g5 e4 36. gxf6+ Kxf6 37. Re3 Qc2+ 38. Kg1 Qc1+ 39. Re1 Qb2 40. fxe4 dxe4 41. Qf8 Qd4+ 42. Kh1 Qf2 43. Rd1 Qh4+ 44. Kg1 Kg6 45. Qg8+ Kh5 46. Qxh7+ Kg4 47. Qxf7 Kg3 48. Qf2+ Kg4 49. Qxh4+ Kxh4 50. Kf2 Kg4 51. Ke3 Kg3 52. Rd2 Kg4 53. b4 Kg3 54. Rc2 Bd5 55. a3 Bc6 56. Rxc6 bxc6 57. Kxe4 Kxg2 58. Kd4 1-0